00872 a2200229 4500003000500000005001700005010001700022020001500039040000900054082001200063100002000075245017400095260003200269300003300301505011100334650006400445650004400509650002500553650002300578651001300601700002800614Nust20170207154033.0 a 2001045906 a0814406289 cNust00a658.4781 aMerkow, Mark S.14aThe E-Privacy imperative (E-Book)bprotect your customers' Internet privacy and ensure your company's survival in the electronic age /cMark S. Merkow, James Breithaupt. aNew York :bAMACOM,cc2002. axi, 267 p. :bill. ;c23 cm. aPart 1: E-Privacy Is a Business Priority (Page-1) 1 Part 2: Tools to Build Customer Confidence (Page-113)  0aBusiness enterprisesxComputer networksxSecurity measures. 0aElectronic commercexSecurity measures. 0aElectronic commerce. 0aPrivacy, Right of. a(E-Book)1 aBreithaupt, Jim,d1955-